Catálogo
 En Linea

Peña Gómez : (Registro nro. 14553)

Detalles MARC
000 -CABECERA
campo de control de longitud fija 00965nam a2200241 a 4500
001 - NÚMERO DE CONTROL
campo de control 000014980
005 - FECHA Y HORA DE LA ÚLTIMA TRANSACCIÓN
campo de control 20260527074041.0
008 - DATOS DE LONGITUD FIJA--INFORMACIÓN GENERAL
campo de control de longitud fija 100128s2005 dr ac 001 0 spa d
020 ## - NÚMERO INTERNACIONAL ESTÁNDAR DEL LIBRO
Número Internacional Estándar del Libro 9993439436
040 ## - FUENTE DE LA CATALOGACIÓN
Centro catalogador/agencia de origen DO-SdBNP
Lengua de catalogación spa
Centro/agencia transcriptor BNPHU
082 ## - NÚMERO DE LA CLASIFICACIÓN DECIMAL DEWEY
Número de clasificación 923.27293
Número de documento/Ítem P349c
100 1# - ENTRADA PRINCIPAL--NOMBRE DE PERSONA
Nombre de persona Cedeño Pecunia, Marina Altagracia
9 (RLIN) 33911
245 10 - MENCIÓN DE TÍTULO
Título Peña Gómez :
Resto del título líder de multitudes /
Mención de responsabilidad, etc. Marina Altagracia Cedeño Pecunia ; prólogo Domingo Selié Gatón.
260 ## - PUBLICACIÓN, DISTRIBUCIÓN, ETC.
Lugar de publicación, distribución, etc. Santo Domingo :
Nombre del editor, distribuidor, etc. Librería La Trinitaria,
Fecha de publicación, distribución, etc. 2005.
Fabricante Búho
300 ## - DESCRIPCIÓN FÍSICA
Extensión 166 p. :
Otras características físicas il., retrs. ;
Dimensiones 22 cm.
501 ## - NOTA DE "CON"
Nota de “Con” Incluye datos biográficos del autor en la solapa.
590 ## - NOTA LOCAL (RLIN)
Nota local Inventariado, 2020/BT
600 10 - PUNTO DE ACCESO ADICIONAL DE MATERIA--NOMBRE DE PERSONA
Nombre de persona Peña Gomez, Jose Francisco ,
Fechas asociadas al nombre 1937-1998
9 (RLIN) 2994
650 #4 - PUNTO DE ACCESO ADICIONAL DE MATERIA--TÉRMINO DE MATERIA
Término de materia o nombre geográfico como elemento de entrada Políticos
Subdivisión geográfica República Dominicana
Subdivisión general Biografía
9 (RLIN) 33912
650 #0 - PUNTO DE ACCESO ADICIONAL DE MATERIA--TÉRMINO DE MATERIA
Término de materia o nombre geográfico como elemento de entrada Partidos políticos
Subdivisión geográfica República Dominicana
9 (RLIN) 285
700 1# - PUNTO DE ACCESO ADICIONAL--NOMBRE DE PERSONA
Nombre de persona Gatón Selié, Domingo,
Término indicativo de función/relación pról.
9 (RLIN) 33913
910 ## - DATOS DE OPCIÓN DEL USUARIO (OCLC)
Datos de opción del usuario Validado. Control de calidad EMS.
Existencias
Estado de retiro Estado de pérdida Restricciones de uso No para préstamo Código de colección Localización permanente Ubicación/localización actual Ubicación en estantería Fecha de adquisición Número de inventario Total de préstamos Signatura topográfica completa Código de barras Fecha visto por última vez Número de copia Precio válido a partir de Tipo de ítem Koha
        Dominicana de Servicio General General Depósito 24.05.2011 LF1   923.27293 P349c 14980-30 25.06.2020 e.3 25.06.2020 Libro y Folleto Colección Dominicana de Servicio
        Dominicana de Servicio General General Depósito 24.05.2011 LF1   923.27293 P349c 14980-40 25.06.2020 e.4 25.06.2020 Libro y Folleto Colección Dominicana de Servicio
        Dominicana de Servicio General General Depósito 24.05.2011 LF1   923.27293 P349c 14980-50 25.06.2020 e.5 25.06.2020 Libro y Folleto Colección Dominicana de Servicio
      Excluido de préstamo Patrimonio Dominicano Patrimonio Dominicano Patrimonio Dominicano Depósito 28.01.2010 LF1   923.27293 P349c 14980-10 25.06.2020   25.06.2020 Libro y Folleto Colección Patrimonio Dominicano
      Excluido de préstamo Patrimonio Dominicano Patrimonio Dominicano Patrimonio Dominicano Depósito 28.01.2010 LF1   923.27293 P349c 14980-20 25.06.2020 e.2 25.06.2020 Libro y Folleto Colección Patrimonio Dominicano

Con tecnología Koha